[Event "Sebes GP op"]
[Site "Sebes"]
[Date "2023.11.04"]
[Round "2"]
[White "Nanu, Ciprian Costica"]
[Black "Bobocea, Laurentiu Vlad"]
[Result "1-0"]
[WhiteElo "2524"]
[BlackElo "1931"]
[PlyCount "53"]
[EventDate "2023.11.04"]
[EventType "swiss"]
[EventRounds "10"]
[EventCountry "ROU"]
[SourceTitle "CB46_2023"]
[SourceDate "2023.11.15"]
[SourceVersion "1"]
[SourceVersionDate "2023.11.15"]
[SourceQuality "1"]

1. c4 Nf6 2. Nc3 g6 3. Nf3 Bg7 4. d4 d6 5. g3 0-0 6. Bg2 a6 7. 0-0 Nc6 8. e4 Bg4 9. Be3 Nd7 10. Ne2 Na5 11. b3 c5 12. h3 Bxf3 13. Bxf3 Rb8 14. Rc1 cxd4 15. Nxd4 Ne5 16. Bg2 Nac6 17. Ne2 Nd7 18. Qd2 Qa5 19. Qxa5 Nxa5 20. Rfd1 Rfc8 21. h4 Kf8 22. Bh3 Ke8 23. c5 Bb2 24. Rb1 Bg7 25. cxd6 exd6 26. Rxd6 Rc7 27. Rbd1 1-0

[Event "ROM-chT"]
[Site "Mamaia"]
[Date "2019.09.23"]
[Round "3.3"]
[White "Costachi, Mihnea"]
[Black "Bobocea, Laurentiu Vlad"]
[Result "1-0"]
[WhiteElo "2463"]
[BlackElo "1921"]
[PlyCount "59"]
[EventDate "2019.09.21"]
[EventType "team-tourn"]
[EventRounds "9"]
[EventCountry "ROU"]
[SourceTitle "EXT 2020"]
[Source "ChessBase"]
[SourceDate "2019.10.17"]
[SourceVersion "1"]
[SourceVersionDate "2019.10.17"]
[SourceQuality "1"]
[WhiteTeam "Iasi Politehnica"]
[BlackTeam "Cluj Napoca"]
[WhiteTeamCountry "ROU"]
[BlackTeamCountry "ROU"]

1. d4 d5 2. c4 c6 3. Nf3 Nf6 4. Nc3 dxc4 5. a4 Bf5 6. e3 e6 7. Bxc4 Bb4 8. 0-0 Nbd7 9. Qe2 Bg6 10. e4 0-0 11. e5 Nd5 12. Ne4 a5 13. Bd3 h6 14. Rd1 Be7 15. Ng3 Re8 16. Bxg6 fxg6 17. Nd2 g5 18. Nde4 b6 19. Qg4 Bf8 20. h4 gxh4 21. Nh5 Kh7 22. Ra3 g6 23. Rf3 Re7 24. Nhf6+ N7xf6 25. exf6 Rd7 26. Qxh4 Kg8 27. Rg3 Qe8 28. Rdd3 Kh8 29. Rdf3 Raa7 30. Ng5 1-0

[Event "Arad op 12th"]
[Site "Arad"]
[Date "2019.07.30"]
[Round "8"]
[White "Pasti, Aron"]
[Black "Bobocea, Laurentiu Vlad"]
[Result "1-0"]
[WhiteElo "2209"]
[BlackElo "1908"]
[PlyCount "83"]
[EventDate "2019.07.24"]
[EventType "swiss"]
[EventRounds "9"]
[EventCountry "ROU"]
[SourceTitle "CBM 191 Extra"]
[Source "ChessBase"]
[SourceDate "2019.09.30"]
[SourceVersion "1"]
[SourceVersionDate "2019.09.30"]
[SourceQuality "1"]

1. e4 c5 2. Nf3 d6 3. d4 cxd4 4. Nxd4 Nf6 5. Nc3 a6 6. h3 e6 7. g4 d5 8. Nde2 Bb4 9. Bg2 Nxe4 10. Bxe4 dxe4 11. Qxd8+ Kxd8 12. Bf4 Bd7 13. 0-0-0 Ke7 14. Nxe4 Bc6 15. N2g3 Nd7 16. c3 Ba5 17. Bd6+ Ke8 18. Rhe1 Nf6 19. Nxf6+ gxf6 20. Bc5 Bd8 21. Nf5 Rg8 22. Nd6+ Kf8 23. Nxb7+ Be7 24. Bxe7+ Kxe7 25. Nc5 Ra7 26. Re3 h5 27. f3 Rg5 28. b4 hxg4 29. fxg4 f5 30. gxf5 Rxf5 31. Rd2 Rh5 32. Kb2 e5 33. c4 f6 34. a4 Rh4 35. Kb3 Bd7 36. b5 axb5 37. axb5 Bc8 38. b6 Ra8 39. Kb4 Rxh3 40. Rxh3 Bxh3 41. b7 Rb8 42. Kb5 1-0

[Event "ROM-ch U18"]
[Site "Calimanesti Caciulata"]
[Date "2019.04.22"]
[Round "9"]
[White "Ciorgovean, Iustin"]
[Black "Bobocea, Laurentiu Vlad"]
[Result "1-0"]
[WhiteElo "2233"]
[BlackElo "2021"]
[PlyCount "41"]
[EventDate "2019.04.15"]
[EventType "swiss"]
[EventRounds "9"]
[EventCountry "ROU"]
[SourceTitle "CBM 190 Extra"]
[Source "ChessBase"]
[SourceDate "2019.07.15"]
[SourceVersion "1"]
[SourceVersionDate "2019.07.15"]
[SourceQuality "1"]

1. d4 Nf6 2. c4 g6 3. Nc3 d5 4. Qb3 dxc4 5. Qxc4 Bg7 6. e4 0-0 7. Be2 Nc6 8. Nf3 Bg4 9. d5 Na5 10. Qb4 c6 11. h3 Bxf3 12. Bxf3 Qb6 13. Qa4 Nd7 14. 0-0 Qc7 15. Bg5 Rfe8 16. Rac1 Ne5 17. Be2 b5 18. Nxb5 cxb5 19. Bxb5 Qd8 20. Bxe8 Qxe8 21. Qxa5 1-0

[Event "ROM-ch U18"]
[Site "Calimanesti Caciulata"]
[Date "2019.04.20"]
[Round "7"]
[White "Palii, Alex"]
[Black "Bobocea, Laurentiu Vlad"]
[Result "0-1"]
[WhiteElo "1790"]
[BlackElo "2021"]
[PlyCount "98"]
[EventDate "2019.04.15"]
[EventType "swiss"]
[EventRounds "9"]
[EventCountry "ROU"]
[SourceTitle "CBM 190 Extra"]
[Source "ChessBase"]
[SourceDate "2019.07.15"]
[SourceVersion "1"]
[SourceVersionDate "2019.07.15"]
[SourceQuality "1"]

1. e4 c5 2. c3 Nf6 3. e5 Nd5 4. d4 cxd4 5. cxd4 d6 6. Bc4 Nb6 7. Bb3 dxe5 8. dxe5 Qxd1+ 9. Bxd1 Nc6 10. f4 f6 11. Nf3 fxe5 12. fxe5 g6 13. 0-0 Bg7 14. Re1 Nc4 15. Ba4 Bg4 16. Nbd2 Nxd2 17. Bxd2 Bxf3 18. gxf3 0-0-0 19. Bc3 Rhf8 20. Bxc6 bxc6 21. Kg2 Rd3 22. Rf1 Rf5 23. Rae1 Rd5 24. f4 Kd8 25. Kg3 Bh6 26. Rf3 Bxf4+ 27. Kg2 e6 28. Re4 Bd2 29. Ra4 Rxf3 30. Kxf3 Bxc3 31. bxc3 Rxe5 32. Rxa7 Rh5 33. Ke4 Rxh2 34. Ke5 Kc8 35. Kd6 g5 36. Kxc6 Kb8 37. Rg7 h6 38. Kd6 Rxa2 39. Kxe6 Rc2 40. Kf5 Rxc3 41. Rh7 Rh3 42. Kg6 Kc8 43. Re7 Kd8 44. Ra7 g4 45. Kf5 h5 46. Kg5 g3 47. Ra3 Kd7 48. Kf4 h4 49. Kf3 g2+ 0-1

[Event "ROM-ch U18"]
[Site "Calimanesti Caciulata"]
[Date "2019.04.19"]
[Round "6"]
[White "Bobocea, Laurentiu Vlad"]
[Black "Antone, Eduard Karim"]
[Result "1-0"]
[WhiteElo "2021"]
[BlackElo "1337"]
[PlyCount "49"]
[EventDate "2019.04.15"]
[EventType "swiss"]
[EventRounds "9"]
[EventCountry "ROU"]
[SourceTitle "CBM 190 Extra"]
[Source "ChessBase"]
[SourceDate "2019.07.15"]
[SourceVersion "1"]
[SourceVersionDate "2019.07.15"]
[SourceQuality "1"]

1. d4 Nf6 2. c4 e6 3. Nc3 Bb4 4. Qc2 0-0 5. e4 d5 6. e5 Ne4 7. a3 Bxc3+ 8. bxc3 c5 9. Bb2 cxd4 10. cxd4 Qa5+ 11. Ke2 Bd7 12. f3 Ba4 13. Qc1 Rc8 14. Ke3 dxc4 15. fxe4 c3 16. Rb1 Na6 17. Ba1 c2 18. Rxb7 Rab8 19. Bxa6 Qxa6 20. Rb4 Rxb4 21. axb4 Rc4 22. Ne2 Rxb4 23. Qd2 Rb1 24. Rc1 Qxe2+ 25. Kxe2 1-0

[Event "ROM-ch U18"]
[Site "Calimanesti Caciulata"]
[Date "2019.04.18"]
[Round "5"]
[White "Stan, Andrei Mihaita"]
[Black "Bobocea, Laurentiu Vlad"]
[Result "1-0"]
[WhiteElo "1918"]
[BlackElo "2021"]
[PlyCount "51"]
[EventDate "2019.04.15"]
[EventType "swiss"]
[EventRounds "9"]
[EventCountry "ROU"]
[SourceTitle "CBM 190 Extra"]
[Source "ChessBase"]
[SourceDate "2019.07.15"]
[SourceVersion "1"]
[SourceVersionDate "2019.07.15"]
[SourceQuality "1"]

1. d4 d5 2. c4 c6 3. Nc3 Nf6 4. Nf3 dxc4 5. a4 Bf5 6. e3 e6 7. Bxc4 Bb4 8. 0-0 Nbd7 9. h3 0-0 10. Qe2 Bg6 11. Rd1 Qc7 12. Bd2 a5 13. Bd3 Bxd3 14. Qxd3 e5 15. Ne4 Bxd2 16. Rxd2 Nd5 17. Neg5 g6 18. dxe5 Nxe5 19. Nxe5 Qxe5 20. Nf3 Qe7 21. e4 Nf6 22. e5 Nd5 23. Re1 Rad8 24. Qe4 Rfe8 25. h4 Nf6 26. exf6 1-0

[Event "ROM-ch"]
[Site "Olanesti"]
[Date "2019.03.07"]
[Round "6"]
[White "Talu, Mircea"]
[Black "Bobocea, Laurentiu Vlad"]
[Result "1-0"]
[WhiteElo "2225"]
[BlackElo "1965"]
[PlyCount "89"]
[EventDate "2019.03.02"]
[EventType "swiss"]
[EventRounds "9"]
[EventCountry "ROU"]
[SourceTitle "CBM 189 Extra"]
[Source "ChessBase"]
[SourceDate "2019.06.03"]
[SourceVersion "1"]
[SourceVersionDate "2019.06.03"]
[SourceQuality "1"]

1. d4 d5 2. c4 c6 3. Nf3 Nf6 4. e3 Bf5 5. Nc3 e6 6. Nh4 Bg6 7. Qb3 Qb6 8. Nxg6 hxg6 9. Bd2 Nbd7 10. 0-0-0 Qxb3 11. axb3 Bd6 12. h3 0-0-0 13. f3 a6 14. Bd3 Kb8 15. Be1 c5 16. cxd5 cxd4 17. dxe6 dxc3 18. exd7 cxb2+ 19. Kxb2 Be5+ 20. Kc1 Rxd7 21. Bc4 Rxd1+ 22. Kxd1 Rd8+ 23. Ke2 Nd5 24. f4 Bc7 25. b4 b5 26. Bb3 Rd7 27. Kf3 Kb7 28. Bxd5+ Rxd5 29. Bc3 f6 30. Ke4 Rd7 31. Bd4 Bb6 32. g4 Bxd4 33. exd4 Kb6 34. d5 a5 35. bxa5+ Kxa5 36. Kd4 Kb6 37. Re1 Ka5 38. Kc5 Rc7+ 39. Kd6 Rc4 40. Ke7 b4 41. d6 Rxf4 42. Rd1 Rc4 43. d7 Rc7 44. Ke6 Rxd7 45. Rxd7 1-0

[Event "ROM-chT2"]
[Site "Gilau"]
[Date "2018.10.15"]
[Round "9.1"]
[White "Bobocea, Laurentiu Vlad"]
[Black "Pisu, Robert Daniel"]
[Result "0-1"]
[WhiteElo "1882"]
[BlackElo "2234"]
[PlyCount "92"]
[EventDate "2018.10.07"]
[EventType "team-swiss"]
[EventRounds "9"]
[EventCountry "ROU"]
[SourceTitle "CBM 189 Extra"]
[Source "ChessBase"]
[SourceDate "2019.06.03"]
[SourceVersion "1"]
[SourceVersionDate "2019.06.03"]
[SourceQuality "1"]
[WhiteTeam "Cluj Viitorul"]
[BlackTeam "Galati Smart"]
[WhiteTeamCountry "ROU"]
[BlackTeamCountry "ROU"]

1. d4 Nf6 2. c4 e6 3. Nc3 Bb4 4. f3 c5 5. d5 b5 6. e4 0-0 7. e5 Ne8 8. f4 exd5 9. cxd5 d6 10. Bd3 dxe5 11. fxe5 c4 12. Bc2 Bb7 13. Nf3 Qxd5 14. Bd2 Bxc3 15. Bxc3 Qxd1+ 16. Rxd1 Nc7 17. Ng5 h6 18. Ne4 Nd5 19. Bd4 Nc6 20. Nd6 Nxd4 21. Rxd4 Ne3 22. Be4 Bxe4 23. Rxe4 Nd5 24. a3 a6 25. Rf1 Rad8 26. Re2 Rd7 27. Rd2 Nb6 28. Kd1 Re7 29. Re1 Re6 30. Nb7 Rfe8 31. Nc5 Rxe5 32. Rxe5 Rxe5 33. Nxa6 Nd5 34. Re2 Rxe2 35. Kxe2 Kf8 36. Kf3 Ke7 37. Nc5 Kd6 38. Nb7+ Kc7 39. Nc5 Kd6 40. Nb7+ Kc7 41. Nc5 Kc6 42. Ne4 b4 43. Nd2 c3 44. bxc3 bxa3 45. Ke4 Nxc3+ 46. Kd3 Nd5 0-1

[Event "ROM-chT2"]
[Site "Gilau"]
[Date "2018.10.13"]
[Round "7.1"]
[White "Bobocea, Laurentiu Vlad"]
[Black "Musat, Adrian"]
[Result "0-1"]
[WhiteElo "1882"]
[BlackElo "2379"]
[PlyCount "59"]
[EventDate "2018.10.07"]
[EventType "team-swiss"]
[EventRounds "9"]
[EventCountry "ROU"]
[SourceTitle "CBM 187 Extra"]
[Source "ChessBase"]
[SourceDate "2018.11.04"]
[SourceVersion "1"]
[SourceVersionDate "2018.11.04"]
[SourceQuality "1"]
[WhiteTeam "Cluj Viitorul"]
[BlackTeam "Oltenia Pro Logos"]
[WhiteTeamCountry "ROU"]
[BlackTeamCountry "ROU"]

1. d4 Nf6 2. c4 e6 3. Nc3 c5 4. d5 exd5 5. cxd5 d6 6. Nf3 g6 7. Bf4 a6 8. a4 Bg7 9. h3 0-0 10. e3 Nh5 11. Bh2 f5 12. Be2 f4 13. 0-0 fxe3 14. fxe3 Qe7 15. Re1 Nd7 16. Nd2 Qxe3+ 17. Kh1 Ng3+ 18. Bxg3 Qxg3 19. Nde4 Qf4 20. Bg4 Be5 21. g3 Qh6 22. Be6+ Kh8 23. Qg4 Bxc3 24. Nxc3 Ne5 25. Rxe5 dxe5 26. Ne4 Qe3 27. Nd6 Rf2 28. Rd1 h5 29. Qe4 Qxg3 30. Nf7+ 0-1

[Event "ROM-chT2"]
[Site "Gilau"]
[Date "2018.10.09"]
[Round "3.1"]
[White "Shishkin, Vadim"]
[Black "Bobocea, Laurentiu Vlad"]
[Result "1-0"]
[WhiteElo "2453"]
[BlackElo "1882"]
[PlyCount "33"]
[EventDate "2018.10.07"]
[EventType "team-swiss"]
[EventRounds "9"]
[EventCountry "ROU"]
[SourceTitle "CBM 187 Extra"]
[Source "ChessBase"]
[SourceDate "2018.11.04"]
[SourceVersion "1"]
[SourceVersionDate "2018.11.04"]
[SourceQuality "1"]
[WhiteTeam "Resita Muncitorul"]
[BlackTeam "Cluj Viitorul"]
[WhiteTeamCountry "ROU"]
[BlackTeamCountry "ROU"]

1. d4 Nf6 2. c4 g6 3. Nc3 Bg7 4. e4 d6 5. Be2 0-0 6. Nf3 e5 7. Be3 Na6 8. 0-0 Ng4 9. Bg5 Qe8 10. Re1 exd4 11. Nxd4 Nf6 12. f3 c6 13. Qd2 Be6 14. Rad1 Nc7 15. Qf4 Nd7 16. Qxd6 Be5 17. Qa3 1-0

[Event "ROM-chT2"]
[Site "Gilau"]
[Date "2018.10.08"]
[Round "2.1"]
[White "Bobocea, Laurentiu Vlad"]
[Black "Rusan, Paul Cristian"]
[Result "1-0"]
[WhiteElo "1882"]
[BlackElo "2143"]
[PlyCount "112"]
[EventDate "2018.10.07"]
[EventType "team-swiss"]
[EventRounds "9"]
[EventCountry "ROU"]
[SourceTitle "CBM 187 Extra"]
[Source "ChessBase"]
[SourceDate "2018.11.04"]
[SourceVersion "1"]
[SourceVersionDate "2018.11.04"]
[SourceQuality "1"]
[WhiteTeam "Cluj Viitorul"]
[BlackTeam "Bistrita"]
[WhiteTeamCountry "ROU"]
[BlackTeamCountry "ROU"]

1. d4 f5 2. Bg5 g6 3. Nc3 Bg7 4. e4 fxe4 5. Nxe4 d5 6. Nc5 Nh6 7. Nf3 Nf7 8. Bh4 Nc6 9. Bb5 0-0 10. Bxc6 bxc6 11. h3 Rb8 12. 0-0 h6 13. Bg3 g5 14. Nd3 Ba6 15. Rb1 Re8 16. Re1 Bxd3 17. Qxd3 c5 18. Ne5 cxd4 19. Qg6 Rf8 20. Nc6 Rb6 21. Qxg7+ Kxg7 22. Nxd8 Nxd8 23. Rxe7+ Rf7 24. Be5+ Kg6 25. Rxf7 Nxf7 26. Bxd4 Ra6 27. a3 Nd6 28. Re1 Nf5 29. Bc5 Rc6 30. b4 Kf6 31. Kf1 a5 32. Ke2 axb4 33. axb4 Ra6 34. Kd3 Ra3+ 35. c3 Ra2 36. Re8 c6 37. Rc8 Ra6 38. g3 h5 39. Bd4+ Kf7 40. Rc7+ Ke6 41. Rh7 h4 42. g4 Nxd4 43. Kxd4 Ra2 44. Rh6+ Kd7 45. Rf6 Rd2+ 46. Ke3 Rd1 47. f4 Rh1 48. fxg5 Rxh3+ 49. Rf3 Rh1 50. g6 Re1+ 51. Kf4 Re8 52. Kg5 Rh8 53. Rf7+ Ke6 54. Rh7 Rg8 55. Rxh4 d4 56. cxd4 Kd5 1-0

[Event "ROM-chT U18"]
[Site "Iasi"]
[Date "2018.07.17"]
[Round "5.2"]
[White "Calin, Alexandru"]
[Black "Bobocea, Laurentiu Vlad"]
[Result "1-0"]
[WhiteElo "2244"]
[BlackElo "1937"]
[PlyCount "92"]
[EventDate "2018.07.13"]
[EventType "team-tourn"]
[EventRounds "5"]
[EventCountry "ROU"]
[SourceTitle "EXT 2020"]
[Source "ChessBase"]
[SourceDate "2019.10.17"]
[SourceVersion "1"]
[SourceVersionDate "2019.10.17"]
[SourceQuality "1"]
[WhiteTeam "Bucharest Tinerii Maestri"]
[BlackTeam "Cluj Viitorul"]
[WhiteTeamCountry "ROU"]
[BlackTeamCountry "ROU"]

1. d4 Nf6 2. Bg5 c5 3. Bxf6 gxf6 4. d5 Qb6 5. Qc1 f5 6. c4 Qb4+ 7. Nd2 Bg7 8. Rb1 d6 9. e3 Nd7 10. Ngf3 Nf6 11. a3 Qa5 12. Bd3 e6 13. Qc2 Qc7 14. 0-0 0-0 15. Rfe1 Bd7 16. dxe6 fxe6 17. e4 fxe4 18. Nxe4 Bc6 19. Neg5 e5 20. Bxh7+ Kh8 21. Nh4 Be8 22. Ng6+ Bxg6 23. Bxg6 Qe7 24. Qf5 Bh6 25. Re3 Ng4 26. Qxg4 Qxg5 27. Qxg5 Bxg5 28. Rh3+ Kg8 29. Be4 Rf4 30. f3 Be7 31. Rh7 Rxe4 32. Rxe7 Rxc4 33. Rd1 Rd8 34. Rxe5 Rc2 35. b4 cxb4 36. axb4 Kf7 37. Rh5 Re8 38. Rg5 Rb2 39. b5 Kf6 40. h4 Re6 41. Kh2 a5 42. bxa6 bxa6 43. Ra1 Rb8 44. Rxa6 d5 45. Ra5 d4 46. Rad5 Rb4 1-0

[Event "ROM-ch"]
[Site "Olanesti"]
[Date "2018.05.18"]
[Round "5"]
[White "Ciobanu, Viorel Adrian"]
[Black "Bobocea, Laurentiu Vlad"]
[Result "1/2-1/2"]
[WhiteElo "2196"]
[BlackElo "1853"]
[PlyCount "98"]
[EventDate "2018.05.14"]
[EventType "swiss"]
[EventRounds "9"]
[EventCountry "ROU"]
[SourceTitle "CBM 184 Extra"]
[Source "ChessBase"]
[SourceDate "2018.06.28"]
[SourceVersion "1"]
[SourceVersionDate "2018.06.28"]
[SourceQuality "1"]

1. e4 c5 2. Nf3 d6 3. d4 cxd4 4. Nxd4 Nf6 5. Nc3 a6 6. Be2 e5 7. Nb3 Be7 8. a4 0-0 9. 0-0 Be6 10. f4 exf4 11. Bxf4 Nc6 12. Kh1 d5 13. e5 Ne4 14. Bf3 f5 15. exf6 Bxf6 16. Nxe4 dxe4 17. Bxe4 Qxd1 18. Raxd1 Bc4 19. Bd3 Bxd3 20. cxd3 Bxb2 21. d4 Ne7 22. Bd6 Rxf1+ 23. Rxf1 Nd5 24. Rf5 Ne3 25. Rf2 Nc4 26. Bc5 b6 27. Bxb6 Nxb6 28. Rxb2 Nxa4 29. Ra2 Nc3 30. Ra1 Kf7 31. h3 Ke6 32. Ra5 Nb5 33. Ra1 a5 34. Nxa5 Nxd4 35. Re1+ Kf6 36. Nc4 h6 37. Rf1+ Ke6 38. Kh2 Ra4 39. Nb2 Ra3 40. Nc4 Ra4 41. Re1+ Kf6 42. Nd6 Ra3 43. Rf1+ Kg6 44. Nc4 Ra7 45. Ne5+ Kh7 46. Rf8 Ne6 47. Rf2 Ng5 48. Rf4 Re7 49. Nf3 Nxf3+ 1/2-1/2

[Event "ROM-ch"]
[Site "Olanesti"]
[Date "2018.05.14"]
[Round "1"]
[White "Bobocea, Laurentiu Vlad"]
[Black "Pisu, Robert Daniel"]
[Result "0-1"]
[WhiteElo "1853"]
[BlackElo "2254"]
[PlyCount "36"]
[EventDate "2018.05.14"]
[EventType "swiss"]
[EventRounds "9"]
[EventCountry "ROU"]
[SourceTitle "CBM 184 Extra"]
[Source "ChessBase"]
[SourceDate "2018.06.28"]
[SourceVersion "1"]
[SourceVersionDate "2018.06.28"]
[SourceQuality "1"]

1. d4 Nf6 2. c4 c5 3. d5 b5 4. Nf3 e6 5. Bg5 exd5 6. cxd5 h6 7. Bxf6 Qxf6 8. Nc3 b4 9. Nb5 Qb6 10. Qd3 d6 11. a3 Bd7 12. e3 a6 13. axb4 Bxb5 14. Qe4+ Be7 15. bxc5 Qxc5 16. Bxb5+ Qxb5 17. Nd4 Qb4+ 18. Ke2 Ra7 0-1

[Event "ROM-ch U18"]
[Site "Calimanesti"]
[Date "2018.04.02"]
[Round "8"]
[White "Bobocea, Laurentiu Vlad"]
[Black "Apahidean, Ioan"]
[Result "1/2-1/2"]
[WhiteElo "1753"]
[BlackElo "1898"]
[PlyCount "27"]
[EventDate "2018.03.27"]
[EventType "swiss"]
[EventRounds "9"]
[EventCountry "ROU"]
[SourceTitle "CBM 183 Extra"]
[Source "ChessBase"]
[SourceDate "2018.04.19"]
[SourceVersion "1"]
[SourceVersionDate "2018.04.19"]
[SourceQuality "1"]

1. d4 Nf6 2. c4 e6 3. Nf3 Bb4+ 4. Nbd2 0-0 5. a3 Be7 6. e4 d5 7. e5 Nfd7 8. cxd5 exd5 9. Bd3 c5 10. Qc2 g6 11. e6 fxe6 12. Bxg6 hxg6 13. Qxg6+ Kh8 14. Qh6+ 1/2-1/2

[Event "ROM-ch U16"]
[Site "Baile Felix"]
[Date "2017.02.06"]
[Round "6"]
[White "Bobocea, Laurentiu Vlad"]
[Black "Alboni, Denis Dean"]
[Result "1-0"]
[WhiteElo "1722"]
[BlackElo "1871"]
[PlyCount "89"]
[EventDate "2017.02.02"]
[EventType "swiss"]
[EventRounds "9"]
[EventCountry "ROU"]
[SourceTitle "CBM 176 Extra"]
[Source "ChessBase"]
[SourceDate "2017.03.02"]
[SourceVersion "1"]
[SourceVersionDate "2017.03.02"]
[SourceQuality "1"]

1. Nf3 Nf6 2. g3 d5 3. Bg2 c6 4. d4 Bf5 5. 0-0 h6 6. c4 a6 7. b3 e6 8. Bb2 Nbd7 9. Nc3 b5 10. Ne5 Nxe5 11. dxe5 Nd7 12. e4 dxe4 13. Nxe4 Bxe4 14. Bxe4 Rc8 15. Qf3 Qc7 16. cxb5 axb5 17. Rac1 c5 18. Rfd1 Be7 19. Qd3 b4 20. Qb5 f5 21. Bg2 Rf8 22. Rc2 Rf7 23. Rcd2 Bf8 24. Bf3 g6 25. g4 fxg4 26. Bxg4 Qc6 27. Qd3 Rg7 28. Bf3 Qb6 29. Be4 Rc7 30. Bxg6+ Kd8 31. Kh1 Be7 32. f4 Kc8 33. Be4 Qa5 34. Qc4 Nf8 35. f5 exf5 36. Bxf5+ Kb7 37. e6 Rg5 38. Qe4+ Ka7 39. Be5 Rb7 40. Bf4 Rh5 41. Bg4 Rh4 42. Bf3 Qb6 43. Rd7 Nxd7 44. Rxd7 Ka6 45. Rxb7 1-0

[Event "ROM-ch U16"]
[Site "Baile Felix"]
[Date "2017.02.04"]
[Round "3"]
[White "Bobocea, Laurentiu Vlad"]
[Black "Apahidean, Ioan"]
[Result "1/2-1/2"]
[WhiteElo "1722"]
[BlackElo "1701"]
[PlyCount "171"]
[EventDate "2017.02.02"]
[EventType "swiss"]
[EventRounds "9"]
[EventCountry "ROU"]
[SourceTitle "CBM 176 Extra"]
[Source "ChessBase"]
[SourceDate "2017.03.02"]
[SourceVersion "1"]
[SourceVersionDate "2017.03.02"]
[SourceQuality "1"]

1. d4 c6 2. c4 d6 3. Nf3 Qc7 4. Nc3 Bg4 5. e4 Nd7 6. Be2 e5 7. Be3 Ngf6 8. 0-0 Be7 9. d5 0-0 10. Nd2 Bxe2 11. Qxe2 Rfd8 12. g3 Nf8 13. f4 h6 14. h3 Qd7 15. Kh2 N6h7 16. Qf2 Ng6 17. Nf3 Rf8 18. f5 Nh8 19. g4 f6 20. Nh4 Nf7 21. Ng6 c5 22. Nxf8 Nxf8 23. Qe2 a6 24. a3 Qc7 25. Rfc1 Rc8 26. Nd1 Nd7 27. b4 b6 28. Nf2 Nd8 29. h4 Nf7 30. Rab1 Qa7 31. Nd3 Bd8 32. Rc2 Qc7 33. bxc5 dxc5 34. Rcb2 Nd6 35. Nf2 Rb8 36. a4 a5 37. Kg3 Qa7 38. Kf3 Qa6 39. Rc2 Qc8 40. Nd1 Qa6 41. Rb3 Be7 42. Nb2 Rc8 43. Qg2 Nf7 44. Ke2 Kh7 45. Bc1 Qb7 46. Rh3 Kg8 47. Nd3 Qc7 48. Ne1 Qd8 49. Rcc3 Nf8 50. Kd1 Qd7 51. Qc2 Nh7 52. Qb3 Bd8 53. Nc2 Nd6 54. Rce3 Qe8 55. Na3 Qd7 56. Kd2 Rb8 57. Kd3 Rb7 58. Bd2 Ra7 59. Nb1 Ra8 60. Reg3 Qe8 61. Nc3 Rb8 62. Nd1 Rb7 63. Nc3 Rb8 64. Nd1 Rb7 65. Nb2 Qf7 66. Qd1 Qe8 67. Qh1 Nf7 68. Kc3 Be7 69. Kb3 Qd7 70. Bc3 Qd8 71. Nd3 Bd6 72. Rh2 Qc7 73. Ne1 Be7 74. Qg2 Bd6 75. Nf3 Be7 76. Bd2 Qd8 77. Ng1 Rd7 78. Nh3 Rd6 79. Qg1 Rd7 80. Rhg2 Nd6 81. Qe1 Nf7 82. Qe2 Rd6 83. Ng1 Rd7 84. Nf3 Rb7 85. Rh3 Rb8 86. Rh1 1/2-1/2

[Event "ROM-ch U14"]
[Site "Calimanesti"]
[Date "2014.04.10"]
[Round "6"]
[White "Arsene, Marinel"]
[Black "Bobocea, Laurentiu Vlad"]
[Result "1-0"]
[WhiteElo "1414"]
[BlackElo "1618"]
[PlyCount "133"]
[EventDate "2014.04.06"]
[EventType "swiss"]
[EventRounds "9"]
[EventCountry "ROU"]
[SourceTitle "CBM 160 Extra"]
[Source "ChessBase"]
[SourceDate "2014.07.01"]
[SourceVersion "1"]
[SourceVersionDate "2014.07.01"]
[SourceQuality "1"]

1. d4 d5 2. c4 e6 3. Nc3 Nf6 4. Bg5 Nbd7 5. Nf3 Be7 6. e3 a6 7. Bd3 dxc4 8. Bxc4 b5 9. Bd3 Bb7 10. Qe2 0-0 11. 0-0 c5 12. Rfd1 Qc7 13. Rac1 Qb6 14. a4 cxd4 15. Nxd4 b4 16. Nb1 Nc5 17. b3 Nxd3 18. Qxd3 Rfd8 19. Qe2 h6 20. Bh4 Nd5 21. Bxe7 Nxe7 22. h3 Rac8 23. Qe1 Nd5 24. Rxc8 Rxc8 25. Rc1 Rc5 26. Qd2 Qc7 27. Rxc5 Qxc5 28. Qc2 Qxc2 29. Nxc2 Kf8 30. Nd2 f5 31. f3 a5 32. Nc4 Ba6 33. Nxa5 Bd3 34. Nd4 e5 35. Ne6+ Kf7 36. Nc5 Bc2 37. Kf2 Ke7 38. Nc4 e4 39. Ke2 Nc3+ 40. Kd2 Bxb3 41. Nxb3 Nxa4 42. fxe4 fxe4 43. Ke2 Kf6 44. Nbd2 Kf5 45. g3 Nc5 46. Nb2 g5 47. Nb3 Nd7 48. Nd4+ Ke5 49. Nc6+ Kf5 50. Nxb4 Ne5 51. Nd1 Nf3 52. Nf2 h5 53. Kd1 Nh2 54. Ke2 Nf3 55. Nc2 g4 56. hxg4+ hxg4 57. Nd4+ Nxd4+ 58. exd4 Ke6 59. Ke3 Kf5 60. Nxe4 Ke6 61. Nf2 Kf5 62. Kd3 Ke6 63. Ke4 Kd6 64. d5 Ke7 65. Ke5 Kd8 66. Kd6 Ke8 67. Kc7 1-0

[Event "ROM-ch U14"]
[Site "Calimanesti"]
[Date "2014.04.09"]
[Round "5"]
[White "Bobocea, Laurentiu Vlad"]
[Black "Botocan, Cristian Alexandru"]
[Result "1/2-1/2"]
[WhiteElo "1618"]
[BlackElo "1528"]
[PlyCount "155"]
[EventDate "2014.04.06"]
[EventType "swiss"]
[EventRounds "9"]
[EventCountry "ROU"]
[SourceTitle "CBM 160 Extra"]
[Source "ChessBase"]
[SourceDate "2014.07.01"]
[SourceVersion "1"]
[SourceVersionDate "2014.07.01"]
[SourceQuality "1"]

1. d4 d5 2. c4 e6 3. Nf3 Nf6 4. Bg5 Be7 5. Nc3 h6 6. Bh4 0-0 7. e3 b6 8. cxd5 exd5 9. Be2 Bb7 10. 0-0 Nbd7 11. Rc1 c5 12. dxc5 bxc5 13. Na4 Rc8 14. Bg3 Qa5 15. Nc3 Rfd8 16. Qc2 Nb6 17. Rfd1 Nh5 18. Qf5 Nxg3 19. hxg3 Bf6 20. Qb1 a6 21. Nd2 c4 22. Nf3 Qc5 23. Nd4 Bxd4 24. Rxd4 Rc7 25. Rcd1 Qe7 26. Qf5 Qd7 27. Qe5 Qe7 28. Qf5 Qd7 29. Qe5 Qe7 30. Qf4 Qd6 31. Qf5 Qd7 32. Qh5 Qe6 33. Bg4 Qg6 34. Qxg6 fxg6 35. Be6+ Kf8 36. Nxd5 Bxd5 37. Bxd5 Rcd7 38. Be4 Rxd4 39. exd4 g5 40. Kf1 Na4 41. b3 Nc3 42. Re1 Rxd4 43. Bg6 Rd1 44. Rxd1 Nxd1 45. bxc4 Nc3 46. a3 Na4 47. Ke2 Ke7 48. Kd3 Kd6 49. Kd4 Nc5 50. Bf7 a5 51. Bd5 Nd7 52. Ke4 g6 53. f4 Nf6+ 54. Kd4 gxf4 55. gxf4 Nd7 56. g4 h5 57. gxh5 gxh5 58. f5 h4 59. Ke3 Ke5 60. Be6 Nc5 61. Bc8 Ne4 62. Bb7 Ng3 63. f6 Kxf6 64. Kf4 Ke6 65. Kg4 Kd6 66. a4 Kc5 67. Ba6 Ne4 68. Kxh4 Nd2 69. Kg4 Nxc4 70. Kf3 Nb6 71. Bb5 Kb4 72. Ke2 Nxa4 73. Bxa4 Kxa4 74. Kd2 Kb3 75. Kc1 Ka2 76. Kc2 a4 77. Kc1 a3 78. Kc2 1/2-1/2